The water framework directive advice and planning (Record no. 105261)

MARC details
000 -LEADER
fixed length control field 01328cam a2200241 4500
001 - CONTROL NUMBER
control field ##L132861
008 - FIXED-LENGTH DATA ELEMENTS--GENERAL INFORMATION
fixed length control field 060314n2006 000 0 eng u
035 ## - SYSTEM CONTROL NUMBER
System control number (Sirsi) u132861
041 0# - LANGUAGE CODE
Language code of text/sound track or separate title eng
050 04 - LIBRARY OF CONGRESS CALL NUMBER
Classification number 627.1 $2 18
110 2# - MAIN ENTRY--CORPORATE NAME
Corporate name or jurisdiction name as entry element England and Wales
Subordinate unit Environment Agency
9 (RLIN) 2469
245 04 - TITLE STATEMENT
Title The water framework directive advice and planning
Remainder of title initial advice to planning authorities in England and Wales
260 ## - PUBLICATION, DISTRIBUTION, ETC.
Place of publication, distribution, etc. London
Name of publisher, distributor, etc. Environment Agency
Date of publication, distribution, etc. 2006
520 ## - SUMMARY, ETC.
Summary, etc. Provides initial guidance to English and Welsh planning authorities on the water framework directive and its impact on spatial planning. The directive aims to build on progress in water quality improvement and to consistently achieve new and higher standards for the water environment across the EU. The directive was transposed into English and Welsh law in December 2003.
590 ## - LOCAL NOTE (RLIN)
Local note IKA140306
650 24 - SUBJECT ADDED ENTRY--TOPICAL TERM
Topical term or geographic name entry element DIRECTIVE 2000/60/EC
690 ## - LOCAL SUBJECT ADDED ENTRY--TOPICAL TERM (OCLC, RLIN)
Topical term or geographic name as entry element ENVIRONMENTAL AND LAND CONSULTANCY-WATER RESOURCE MANAGEMENT
710 2# - ADDED ENTRY--CORPORATE NAME
Corporate name or jurisdiction name as entry element England and Wales
Subordinate unit Local Government Association
9 (RLIN) 3545
710 2# - ADDED ENTRY--CORPORATE NAME
Corporate name or jurisdiction name as entry element Royal Town Planning Institute
9 (RLIN) 1206
710 2# - ADDED ENTRY--CORPORATE NAME
Corporate name or jurisdiction name as entry element Welsh Local Government Association
9 (RLIN) 4409
856 40 - ELECTRONIC LOCATION AND ACCESS
Uniform Resource Identifier <a href="https://publications.environment-agency.gov.uk/PDF/GEHO0306BKJL-E-E.pdf">https://publications.environment-agency.gov.uk/PDF/GEHO0306BKJL-E-E.pdf</a>
Public note View the item free of charge at Environment Agency publications
942 ## - ADDED ENTRY ELEMENTS (KOHA)
Suppress in OPAC 0
Holdings
Withdrawn status Lost status Source of classification or shelving scheme Damaged status Not for loan Home library Current library Shelving location Date acquired Total Checkouts Full call number Barcode Date last seen Copy number Price effective from Koha item type
    Dewey Decimal Classification     Virtual Virtual Online 14/03/2006   ONLINE PUBLICATION 132861-2001 06/08/2019 1 06/08/2019 Book